El proceso como paradigma : (Record no. 300)

MARC details
000 -LEADER
campo de control de longitud fija 01558cam a2200397 a 4500
001 - NÚMERO DE CONTROL
campo de control 7940860
005 - FECHA Y HORA DE LA ÚLTIMA TRANSACCIÓN
campo de control 20220326193301.0
008 - DATOS DE LONGITUD FIJA--INFORMACIÓN GENERAL
campo de control de longitud fija 100906s2010 sp a c 000 0 spa d
020 ## - NÚMERO INTERNACIONAL ESTÁNDAR DEL LIBRO
Número Internacional Estándar del Libro 9788461396238 :
Condiciones de disponibilidad 50.00 EUR.
035 ## - NÚMERO DE CONTROL DEL SISTEMA
Número de control de sistema (OCoLC)668942646
035 ## - NÚMERO DE CONTROL DEL SISTEMA
Número de control de sistema (OCoLC)ocn668942646
035 ## - NÚMERO DE CONTROL DEL SISTEMA
Número de control de sistema (ItFiC)it 60697757
035 ## - NÚMERO DE CONTROL DEL SISTEMA
Número de control de sistema (NNC)7940860
040 ## - FUENTE DE CATALOGACIÓN
Centro catalogador/agencia de origen ItFiC
Lengua de catalogación eng
Centro/agencia transcriptor ItFiC
041 0# - CÓDIGO DE IDIOMA
Código de lengua del texto/banda sonora o título independiente spaeng
045 ## - PERIODO DE TIEMPO DEL CONTENIDO
Código de periodo de tiempo x4x-
082 14 - NÚMERO DE LA CLASIFICACIÓN DECIMAL DEWEY
Número de clasificación 707
Número de ítem L123p
100 ## - ENTRADA PRINCIPAL--NOMBRE DE PERSONA
Nombre de persona Álvares Gonzáles, Mercedes et all
9 (RLIN) 1403
110 ## - ENTRADA PRINCIPAL--NOMBRE DE ENTIDAD CORPORATIVA
Nombre de entidad corporativa o nombre de jurisdicción como elemento de entrada LABoral Centro de Arte y Creación Industrial
9 (RLIN) 1404
245 03 - MENCIÓN DEL TÍTULO
Título El proceso como paradigma :
Resto del título arte en desarrollo, movimiento y cambio = Process as paradigm : art in development, flux and change.
Mención de responsabilidad, etc. Mercedes Álvares Gonzáles et all
260 ## - PUBLICACIÓN, DISTRIBUCIÓN, ETC.
Lugar de publicación, distribución, etc. [Gijón] :
Nombre del editor, distribuidor, etc. LABoral, Centro de Arte y Creación Industrial,
Fecha de publicación, distribución, etc. [2010]
300 ## - DESCRIPCIÓN FÍSICA
Extensión 173 p. :
Otras características físicas col. ill. ;
Dimensiones 25 cm.
500 ## - NOTA GENERAL
Nota general Exhibition catalogue, Gijón, LABoral, Apr. 23-Aug. 30, 2010.
500 ## - NOTA GENERAL
Nota general On t.p.: Gobierno del Principado de Asturias; Fundación Telefonica.
500 ## - NOTA GENERAL
Nota general Text in English and Spanish.
504 ## - NOTA DE BIBLIOGRAFÍA, ETC.
Nota de bibliografía, etc. Includes bibliographical references.
546 ## - NOTA DE IDIOMA
Nota de lengua/lenguaje Spanish, English.
650 #0 - PUNTO DE ACCESO ADICIONAL DE MATERIA--TÉRMINO DE MATERIA
Término de materia o nombre geográfico como elemento de entrada Art, European
Subdivisión cronológica 21st century
Subdivisión de forma Exhibitions.
9 (RLIN) 1405
700 ## - ENTRADA AGREGADA--NOMBRE PERSONAL
Nombre de persona Mercedes Álvares Gonzáles et all
9 (RLIN) 1406
710 ## - ENTRADA AGREGADA--NOMBRE DE ENTIDAD CORPORATIVA
Nombre de entidad corporativa o nombre de jurisdicción como elemento de entrada LABoral, Centro de Arte y Creación Industrial
9 (RLIN) 1407
856 42 - LOCALIZACIÓN Y ACCESO ELECTRÓNICOS
Identificador Uniforme de Recursos <a href="http://www.columbia.edu/cgi-bin/cul/resolve?clio7940860">http://www.columbia.edu/cgi-bin/cul/resolve?clio7940860</a>
Materiales especificados TOC
910 ## - DATOS DE OPCIÓN DEL USUARIO (OCLC)
Datos de opción del usuario Supplied on F.O.
948 1# - PROCESAMIENTO DE INFORMACIÓN LOCAL (OCLC); DESIGNADOR DE PARTE DE LA SERIE (RLIN)
Designador de la parte de la serie, SPT (RLIN) 20100921
b (OCLC) c
c (OCLC) rhg9
d (OCLC) SCMC
990 ## - EQUIVALENCIA O REFERENCIA-CRUZADA [LOCAL, CANADÁ]
Enlace de información para campo correspondiente con campo 9XX 50.00 EUR
Holdings
Estatus retirado Estado de pérdida Fuente del sistema de clasificación o colocación Estado de daño No para préstamo Biblioteca de origen Biblioteca actual Ubicación en estantería Fecha de adquisición Total de préstamos Signatura topográfica completa Código de barras Visto por última vez Precio de reemplazo Tipo de ítem Koha
    Clasificación Decimal Dewey     Biblioteca LadoV Biblioteca LadoV   29/08/2014   707 L123p 000296 29/08/2014 29/08/2014 Material 01